000 00760cam a22002413a 4500
001 10336
003 PGUSA
005 20140828083223.0
008 031101s2003||||xxu|||||s|||||000 | eng d
040 _aPGUSA
_beng
042 _adc
050 4 _aPR
245 1 2 _aA Select Collection of Old English Plays, Volume 7
_h[electronic resource]
260 _bProject Gutenberg,
_c2003
505 0 _aTancred and Gismunda -- Wounds of civil war -- Mucedorus -- The two angry women of Abington -- Look about you.
506 _aPublic domain in the USA.
516 _aElectronic text
653 _aEnglish drama
700 1 _aDodsley, Robert,
_d1703-1764
830 0 _aProject Gutenberg
_v10336
856 4 0 _uhttp://www.gutenberg.org/ebooks/10336
942 _cEB
999 _c239591
_d239591